000 00563nam a2200193Ia 4500
003 OSt
005 20200814134835.0
008 190216s9999||||xx |||||||||||||| ||und||
020 _a9788184871159
040 _coclc
082 _a547.2
_bAHL/O
100 _aAhluwalia, V K
_94137
245 0 _aOrganic Reaction Mechanisms /
_cV K Ahluwalia ; Rakesh Kumar Parashar
250 _a4th Ed.
260 _bNarosa Publishing House,
_c2011.
_aNew Delhi:
300 _a749p
650 _aChemistry
942 _cBK
_2ddc
_h547.2
_iAHL/O
_k547.2
_mAHL/O
999 _c3522
_d3522